City - Statistics

General Stats
  • This quiz has been taken 14 times
  • The average score is 10 of 13
Answer Stats
Answer Hint % Correct
Australia Canberra
100%
Cambodia Pnhom Penn
92%
Colombia Bogota
92%
Madagascar Antananarivo
92%
Sri Lanka Sri Jayewardenepura Kotte
92%
Brazil Belo Horizonte
85%
Namibia Windhoek
85%
Russia Yakutski
85%
United States Of America Annapolis
85%
India Amravati
62%
Palau Ngerulmud
54%
Canada Saint-Louis-du-Ha! Ha!
46%
Belarus Gomel
38%
No matching quizzes found
Score Distribution
Percent of People with Each Score
Percentile by Number Answered
Your Score History
You have not taken this quiz